[Event "SF Essen-Katernberg  3 - SC Buer-Hassel"]
[Site "Verbandsliga - Gr. 2 2019/202"]
[Date "2021.07.18"]
[Round "8.7"]
[White "Semina, Svetlana"]
[Black "Gehrmann, Ulrich"]
[Result "1-0"]
[WhiteElo "2098"]
[BlackElo "1892"]
[PlyCount "63"]
[EventDate "2021.??.??"]
[WhiteTeam "SC Buer-Hassel 1"]
[BlackTeam "SF Essen-Katernberg  3"]

1. e4 e5 2. Nf3 Nc6 3. Bc4 Nf6 4. d3 Be7 5. O-O O-O 6. Nbd2 d6 7. c3 Bg4 8. Bb3
d5 9. Qe2 d4 10. h3 Bh5 11. Rd1 Nd7 12. Nf1 Bxf3 13. Qxf3 Bg5 14. Ng3 Bxc1 15.
Raxc1 dxc3 16. bxc3 Qg5 17. d4 exd4 18. h4 Qxh4 19. Nf5 Qg5 20. cxd4 Nf6 21.
Rc5 Qg4 22. Nh6+ gxh6 23. Qxf6 Qg7 24. Qxg7+ Kxg7 25. d5 Ne5 26. Rxc7 b5 27. f4
Ng4 28. Rd3 a5 29. e5 Rac8 30. d6 a4 31. Be6 Rxc7 32. dxc7 1-0

[Event "SF Essen-Katernberg  3 - SC Buer-Hassel"]
[Site "Verbandsliga - Gr. 2 2019/202"]
[Date "2021.07.18"]
[Round "8.8"]
[White "Payes Kanders, Valentin"]
[Black "Braeutigam, Martin"]
[Result "1-0"]
[WhiteElo "1827"]
[BlackElo "1604"]
[PlyCount "55"]
[EventDate "2021.??.??"]
[WhiteTeam "SF Essen-Katernberg  3"]
[BlackTeam "SC Buer-Hassel 1"]

1. Nf3 d5 2. g3 Nf6 3. Bg2 c5 4. O-O Bf5 5. c4 e6 6. d4 Nc6 7. Bg5 cxd4 8. Nxd4
Nxd4 9. Qxd4 Be7 10. cxd5 exd5 11. Nc3 Be6 12. Rfd1 O-O 13. Bf4 Qd7 14. Nxd5
Nxd5 15. Bxd5 Rfd8 16. e4 a6 17. Rac1 Rac8 18. Rxc8 Rxc8 19. Bxe6 Qxe6 20. Be5
f6 21. Qd7 Kf7 22. Bc3 Qc4 23. Qxb7 Rc7 24. Qd5+ Qxd5 25. Rxd5 Ke6 26. Ra5 Rc6
27. h4 h5 28. Rxh5 1-0

[Event "SV Königsspringer Hamm 1 - SV Horst-Ems"]
[Site "Verbandsliga - Gr. 2 2019/202"]
[Date "2021.07.18"]
[Round "8.1"]
[White "Baerwolf, Steven"]
[Black "Happel, Heiner"]
[Result "1-0"]
[WhiteElo "2300"]
[BlackElo "2214"]
[PlyCount "53"]
[EventDate "2021.??.??"]
[WhiteTeam "SV Horst-Emscher 1"]
[BlackTeam "SV Königsspringer Hamm 1"]

1. e4 c5 2. Nc3 Nc6 3. f4 g6 4. Nf3 Bg7 5. Bb5 d6 6. Bxc6+ bxc6 7. d3 Nf6 8.
O-O O-O 9. Qe1 Rb8 10. f5 e6 11. fxg6 fxg6 12. e5 Nd5 13. Bg5 Qc7 14. Ne4 dxe5
15. b3 h6 16. Be3 Nxe3 17. Qxe3 Qb6 18. Nfd2 Bd7 19. Nc4 Qc7 20. Rae1 Rf5 21.
Ncd6 Rf4 22. g3 Rxf1+ 23. Rxf1 Rf8 24. Rxf8+ Kxf8 25. Qf3+ Kg8 26. Qf7+ Kh8 27.
Ne8 1-0

[Event "SV Königsspringer Hamm 1 - SV Horst-Ems"]
[Site "Verbandsliga - Gr. 2 2019/202"]
[Date "2021.07.18"]
[Round "8.2"]
[White "Dargel, Manuel"]
[Black "Rebentisch, Tom"]
[Result "1/2-1/2"]
[WhiteElo "2118"]
[BlackElo "2135"]
[PlyCount "98"]
[EventDate "2021.??.??"]
[WhiteTeam "SV Königsspringer Hamm 1"]
[BlackTeam "SV Horst-Emscher 1"]

1. c4 e6 2. Nc3 d5 3. cxd5 exd5 4. d4 c6 5. Bf4 Bd6 6. Bxd6 Qxd6 7. Qb3 Nf6 8.
Nf3 Nbd7 9. e3 O-O 10. Be2 Re8 11. O-O Ne4 12. Rac1 Nf8 13. Nxe4 Rxe4 14. Bd3
Re7 15. Ne5 f6 16. Nf3 Ng6 17. h3 Be6 18. Qc2 Nf8 19. a4 g5 20. Bf5 Qd7 21.
Bxe6+ Qxe6 22. Rfe1 g4 23. hxg4 Qxg4 24. Nh2 Qg5 25. f4 Qh5 26. b4 Rae8 27. Qf2
Nd7 28. b5 cxb5 29. axb5 Nb6 30. Nf1 Nc4 31. e4 Nd6 32. e5 Nxb5 33. Rc5 Nc7 34.
Rec1 Ne6 35. Rxd5 Qf5 36. Rc3 Rg7 37. Rf3 Rg4 38. Ne3 Qb1+ 39. Kh2 Rg6 40. Rd6
fxe5 41. dxe5 Kh8 42. Rh3 Qe4 43. Nd5 Reg8 44. g3 Nd4 45. Rd7 R8g7 46. Nf6 Rxf6
47. Rxd4 Qxe5 48. Rd8+ Rg8 49. Rd7 Rg7 1/2-1/2

[Event "SV Königsspringer Hamm 1 - SV Horst-Ems"]
[Site "Verbandsliga - Gr. 2 2019/202"]
[Date "2021.07.18"]
[Round "8.3"]
[White "Buschmann, Andreas"]
[Black "Prueß, Wilfried"]
[Result "1-0"]
[WhiteElo "2038"]
[BlackElo "2029"]
[PlyCount "87"]
[EventDate "2021.??.??"]
[WhiteTeam "SV Horst-Emscher 1"]
[BlackTeam "SV Königsspringer Hamm 1"]

1. d4 Nf6 2. c4 e6 3. Nf3 b6 4. g3 Bb7 5. Bg2 Bb4+ 6. Bd2 Bxd2+ 7. Nbxd2 O-O 8.
Qc2 d6 9. O-O Nbd7 10. e4 e5 11. d5 a5 12. b3 Nh5 13. a3 g6 14. b4 Qe7 15. Bh3
Bc8 16. Rac1 Ng7 17. Nh4 Nh5 18. Ng2 h6 19. f4 exf4 20. gxf4 axb4 21. axb4 Ra3
22. Rf3 Rxf3 23. Nxf3 Ne5 24. fxe5 Bxh3 25. exd6 cxd6 26. Re1 Qf6 27. Re3 Ra8
28. Qc3 Ra1+ 29. Nge1 Qf4 30. e5 Ra2 31. Qd4 dxe5 32. Rxe5 Qxd4+ 33. Nxd4 Nf4
34. Nec2 Rb2 35. d6 Kf8 36. Re3 Bg4 37. c5 bxc5 38. bxc5 Ne2+ 39. Kf1 Nxd4 40.
Nxd4 Rb1+ 41. Kf2 Rc1 42. c6 Rd1 43. d7 Bxd7 44. cxd7 1-0

[Event "SV Königsspringer Hamm 1 - SV Horst-Ems"]
[Site "Verbandsliga - Gr. 2 2019/202"]
[Date "2021.07.18"]
[Round "8.4"]
[White "Schmidt, Ingo"]
[Black "Arndt, Olaf"]
[Result "1-0"]
[WhiteElo "1978"]
[BlackElo "1862"]
[PlyCount "77"]
[EventDate "2021.??.??"]
[WhiteTeam "SV Königsspringer Hamm 1"]
[BlackTeam "SV Horst-Emscher 1"]

1. e4 e5 2. Nf3 Nc6 3. Bc4 Nf6 4. Ng5 d5 5. exd5 Na5 6. Bb5+ c6 7. dxc6 bxc6 8.
Bd3 Be7 9. O-O h6 10. Ne4 Nd5 11. Be2 O-O 12. d3 Qb6 13. a3 c5 14. Nbc3 Nxc3
15. Nxc3 Bb7 16. Bf3 Rad8 17. b4 Bxf3 18. Qxf3 cxb4 19. axb4 Qc6 20. Nd5 Qxd5
21. Qxd5 Rxd5 22. Rxa5 Rxa5 23. bxa5 Rc8 24. c4 Rd8 25. Rd1 Bb4 26. Be3 Rd7 27.
a6 f5 28. g3 Bc3 29. Rb1 Rd6 30. Rb8+ Kh7 31. Rb7 Rxa6 32. Rxa7 Rc6 33. Ra3 Bd4
34. Bxd4 exd4 35. Ra5 Rd6 36. Rxf5 Kg6 37. Rd5 Rxd5 38. cxd5 Kf5 39. f4 1-0

[Event "SV Königsspringer Hamm 1 - SV Horst-Ems"]
[Site "Verbandsliga - Gr. 2 2019/202"]
[Date "2021.07.18"]
[Round "8.5"]
[White "Weichert, Eddy"]
[Black "Klaus, Michael"]
[Result "1-0"]
[WhiteElo "1886"]
[BlackElo "1844"]
[PlyCount "95"]
[EventDate "2021.??.??"]
[WhiteTeam "SV Horst-Emscher 1"]
[BlackTeam "SV Königsspringer Hamm 1"]

1. d4 d5 2. c4 c6 3. Nc3 Nf6 4. cxd5 cxd5 5. Bg5 e6 6. e3 Be7 7. Bd3 Nc6 8. Nf3
O-O 9. O-O Bd7 10. Rc1 Rc8 11. Qe2 Ne8 12. Bxe7 Qxe7 13. e4 dxe4 14. Qxe4 Nf6
15. Qh4 h6 16. Rfe1 Nb4 17. Bb1 Bc6 18. Ne5 Bd5 19. Ng4 h5 20. Nxf6+ Qxf6 21.
Qxh5 g6 22. Qe5 Qg7 23. a3 Nc6 24. Qxg7+ Kxg7 25. Nxd5 exd5 26. Rcd1 Rfe8 27.
Rxe8 Rxe8 28. Kf1 Rh8 29. h3 Rh4 30. Ba2 Rxd4 31. Rxd4 Nxd4 32. Bxd5 b6 33. Ke1
f5 34. f4 Kf6 35. Kd2 g5 36. Kd3 Nb5 37. g3 Nd6 38. a4 Ne8 39. Kc4 Nd6+ 40. Kd4
gxf4 41. gxf4 Ne8 42. Bf3 Ke6 43. h4 Nf6 44. h5 Nd7 45. b4 Nf8 46. Kc4 Kd6 47.
Kb5 Kc7 48. h6 1-0

[Event "SV Königsspringer Hamm 1 - SV Horst-Ems"]
[Site "Verbandsliga - Gr. 2 2019/202"]
[Date "2021.07.18"]
[Round "8.6"]
[White "Sporkert, Corina"]
[Black "Becker, Marco"]
[Result "1-0"]
[WhiteElo "1894"]
[BlackElo "1947"]
[PlyCount "73"]
[EventDate "2021.??.??"]
[WhiteTeam "SV Königsspringer Hamm 1"]
[BlackTeam "SV Horst-Emscher 1"]

1. e4 c6 2. d4 d5 3. exd5 cxd5 4. Nf3 Nc6 5. Bd3 Bg4 6. c3 e6 7. Bf4 Bd6 8.
Bxd6 Qxd6 9. O-O Nf6 10. Nbd2 O-O 11. Re1 Rac8 12. Nf1 Qf4 13. Qd2 Qxd2 14.
N3xd2 a6 15. f4 Rfe8 16. Ng3 Nh5 17. Ndf1 Nxf4 18. Bb1 e5 19. dxe5 Nxe5 20. Bc2
d4 21. Bb3 dxc3 22. bxc3 Rxc3 23. Ne4 Rc6 24. Ng5 Bh5 25. Ng3 Bg6 26. Rad1 h6
27. Rxe5 hxg5 28. Rxe8+ Kh7 29. Rdd8 Bb1 30. Bxf7 Rc1+ 31. Kf2 Rc2+ 32. Kf3 g6
33. Bc4 Rc3+ 34. Kg4 Kh6 35. Rh8+ Kg7 36. Rhg8+ Kh6 37. Rd7 1-0

[Event "SV Königsspringer Hamm 1 - SV Horst-Ems"]
[Site "Verbandsliga - Gr. 2 2019/202"]
[Date "2021.07.18"]
[Round "8.7"]
[White "Hiebsch, Catalina"]
[Black "Ittner, Ralf"]
[Result "1/2-1/2"]
[WhiteElo "1821"]
[BlackElo "1690"]
[PlyCount "36"]
[EventDate "2021.??.??"]
[WhiteTeam "SV Horst-Emscher 1"]
[BlackTeam "SV Königsspringer Hamm 1"]

1. e4 c5 2. Nc3 e6 3. Bc4 Nc6 4. a3 a6 5. d3 Nf6 6. Nge2 Be7 7. O-O O-O 8. f4
d6 9. Ba2 Qc7 10. Ng3 b5 11. Nce2 Bb7 12. f5 d5 13. fxe6 fxe6 14. Nf4 Nd8 15.
Qe2 Qd7 16. e5 Ne8 17. Bd2 Nc6 18. c3 Nc7 1/2-1/2

[Event "SF Buer 1 - SV Günnigfeld 1"]
[Site "Verbandsklasse - Gr. 1 2019/2"]
[Date "2021.07.04"]
[Round "6.1"]
[White "Freisen, Thomas"]
[Black "Große-Frintrop, Gerd"]
[Result "1/2-1/2"]
[WhiteElo "1959"]
[BlackElo "2007"]
[PlyCount "60"]
[EventDate "2021.??.??"]
[WhiteTeam "SV Günnigfeld 1"]
[BlackTeam "SF Buer 1"]

1. Nf3 f5 2. d3 g6 3. e4 d6 4. exf5 Bxf5 5. d4 c6 6. Bd3 Nf6 7. O-O Qd7 8. Re1
Bxd3 9. Qxd3 Na6 10. Ng5 Rg8 11. Bd2 O-O-O 12. Ba5 Re8 13. Ne6 Nd5 14. c4 Ndc7
15. Nxc7 Nxc7 16. Bxc7 Kxc7 17. Nc3 e5 18. dxe5 Rxe5 19. Rxe5 dxe5 20. Qxd7+
Kxd7 21. Ne4 Be7 22. Rd1+ Kc7 23. f3 Rd8 24. Rxd8 Kxd8 25. Kf2 Kd7 26. Ke3 Ke6
27. g4 b6 28. Kd3 h6 29. Kc3 a5 30. Kd3 Bf8 1/2-1/2

[Event "SF Buer 1 - SV Günnigfeld 1"]
[Site "Verbandsklasse - Gr. 1 2019/2"]
[Date "2021.07.04"]
[Round "6.2"]
[White "Schorra, Helmut"]
[Black "Kuekenbrink, Christopher"]
[Result "1-0"]
[WhiteElo "2077"]
[BlackElo "1978"]
[PlyCount "113"]
[EventDate "2021.??.??"]
[WhiteTeam "SF Buer 1"]
[BlackTeam "SV Günnigfeld 1"]

1. Nf3 c5 2. c4 Nc6 3. g3 Nf6 4. Nc3 d5 5. cxd5 Nxd5 6. Bg2 Nc7 7. O-O e5 8. d3
Be7 9. Be3 O-O 10. Na4 Ne6 11. Rc1 Qa5 12. Nd2 Ned4 13. Ne4 Nxe2+ 14. Qxe2 Qxa4
15. b3 Qa6 16. Bxc5 Nd4 17. Bxd4 exd4 18. Nc5 Bxc5 19. Rxc5 Be6 20. Rfc1 b6 21.
Rc7 Rae8 22. Bb7 Qa5 23. Qb2 Bf5 24. b4 Qe5 25. Qb3 Qe2 26. Bd5 Be6 27. Bxe6
Rxe6 28. Rxa7 Rf6 29. Qc2 Qf3 30. Re7 h5 31. Qe2 Qa8 32. Re4 Qa3 33. Rc4 Rh6
34. Rexd4 g5 35. Qe7 Rg6 36. Rd8 Rxd8 37. Qxd8+ Kh7 38. Rc8 Qb2 39. Qd5 Rf6 40.
Qe4+ Kg7 41. Qe3 Kh7 42. Re8 Qb1+ 43. Kg2 Qxa2 44. Qd4 Kg7 45. Re5 Kg6 46. Qe4+
Kh6 47. Qe3 Rg6 48. h4 f6 49. Re8 Qd5+ 50. Kh2 Qf5 51. Rh8+ Kg7 52. Rxh5 Kf7
53. Qxb6 Qf3 54. Qa7+ Ke6 55. Rh7 gxh4 56. Qd7+ Ke5 57. Re7# 1-0

[Event "SF Buer 1 - SV Günnigfeld 1"]
[Site "Verbandsklasse - Gr. 1 2019/2"]
[Date "2021.07.04"]
[Round "6.3"]
[White "Radi, Guenter"]
[Black "Andersen, Knut"]
[Result "1/2-1/2"]
[WhiteElo "1847"]
[BlackElo "2030"]
[PlyCount "44"]
[EventDate "2021.??.??"]
[WhiteTeam "SV Günnigfeld 1"]
[BlackTeam "SF Buer 1"]

1. d4 Nf6 2. c4 e6 3. Nc3 Bb4 4. Bd2 b6 5. Nf3 Bb7 6. e3 O-O 7. Be2 d5 8. a3
Be7 9. O-O Nbd7 10. Rc1 c5 11. cxd5 Nxd5 12. Nxd5 Bxd5 13. dxc5 Nxc5 14. Bb4
Bf6 15. Bc3 Rc8 16. Nd2 Qe7 17. Bxf6 Qxf6 18. b4 Qg6 19. Bf3 Bxf3 20. Nxf3 Rfd8
21. Qc2 Qxc2 22. Rxc2 Ne4 1/2-1/2

[Event "SF Buer 1 - SV Günnigfeld 1"]
[Site "Verbandsklasse - Gr. 1 2019/2"]
[Date "2021.07.04"]
[Round "6.4"]
[White "Seppelfricke, Guido"]
[Black "Funke, Eckhard"]
[Result "1/2-1/2"]
[WhiteElo "1848"]
[BlackElo "1890"]
[PlyCount "126"]
[EventDate "2021.??.??"]
[WhiteTeam "SF Buer 1"]
[BlackTeam "SV Günnigfeld 1"]

1. e4 d5 2. exd5 Qxd5 3. Nc3 Qd6 4. Nf3 Nf6 5. Bc4 c6 6. d3 Bg4 7. h3 Bh5 8.
Be3 Nbd7 9. g4 Bg6 10. Qd2 Nb6 11. Bb3 Nbd5 12. O-O-O Nxc3 13. Qxc3 Nd5 14. Qd2
e6 15. Bd4 Qf4 16. Qxf4 Nxf4 17. Be5 Nd5 18. Rhe1 O-O-O 19. a3 f6 20. Bd4 c5
21. Be3 Bd6 22. Bd2 Bf7 23. Ng1 Rhe8 24. Ne2 Bg8 25. Ng3 b6 26. Ne4 Bc7 27. Kb1
e5 28. Ng3 Nf4 29. Bxg8 Rxg8 30. Bxf4 exf4 31. Nf5 Bd6 32. Re4 Kd7 33. Nxd6
Kxd6 34. Rxf4 Rge8 35. Re4 Re7 36. Rde1 Rxe4 37. Rxe4 Rd7 38. Kc1 Rf7 39. Re3
f5 40. f3 g5 41. Kd2 h5 42. Ke2 fxg4 43. fxg4 hxg4 44. hxg4 Rf4 45. Rg3 a5 46.
c3 Kd5 47. Ke3 c4 48. d4 a4 49. Rg2 b5 50. Rf2 Rxg4 51. Rf5+ Kc6 52. Rc5+ Kb6
53. Kf3 Rf4+ 54. Ke3 Rg4 55. Kf3 Rg1 56. Ke4 Re1+ 57. Kd5 Re2 58. Rc6+ Kb7 59.
Rg6 Rxb2 60. Rxg5 Rb3 61. Kc5 Rxc3 62. Rg7+ Kc8 63. Kc6 Kb8 1/2-1/2

[Event "SF Buer 1 - SV Günnigfeld 1"]
[Site "Verbandsklasse - Gr. 1 2019/2"]
[Date "2021.07.04"]
[Round "6.5"]
[White "Jaennekes, Oliver"]
[Black "Kreitling, Oliver"]
[Result "1/2-1/2"]
[WhiteElo "1937"]
[BlackElo "1875"]
[PlyCount "37"]
[EventDate "2021.??.??"]
[WhiteTeam "SV Günnigfeld 1"]
[BlackTeam "SF Buer 1"]

1. Nf3 d5 2. g3 c5 3. Bg2 Nf6 4. O-O Nc6 5. d3 Bg4 6. Nbd2 e6 7. Re1 Be7 8. e4
dxe4 9. dxe4 Nd4 10. c3 Nxf3+ 11. Bxf3 Bxf3 12. Qxf3 O-O 13. a4 b6 14. Qe2 Qd7
15. Nc4 Rfd8 16. Ne5 Qc7 17. Nc4 Qd7 18. Bf4 Qd3 19. Qxd3 1/2-1/2

[Event "SF Buer 1 - SV Günnigfeld 1"]
[Site "Verbandsklasse - Gr. 1 2019/2"]
[Date "2021.07.04"]
[Round "6.6"]
[White "Altieri, Dennis"]
[Black "Bender, Markus"]
[Result "1-0"]
[WhiteElo "1666"]
[BlackElo "1836"]
[PlyCount "99"]
[EventDate "2021.??.??"]
[WhiteTeam "SF Buer 1"]
[BlackTeam "SV Günnigfeld 1"]

1. f4 d5 2. d4 e6 3. Nf3 Nf6 4. e3 c5 5. c3 Bd6 6. Be2 Nc6 7. O-O Bd7 8. Ne5
O-O 9. Nd2 Ne4 10. Bd3 f5 11. Nxd7 Qxd7 12. Rf3 Rf6 13. Rh3 Qf7 14. Nf3 c4 15.
Bxe4 dxe4 16. Ng5 Qe7 17. Nxh7 Rh6 18. Ng5 Rxh3 19. gxh3 Rd8 20. Qh5 Qf6 21.
Qe2 Na5 22. Bd2 Qh6 23. Kh1 Be7 24. Rg1 Bxg5 25. Rxg5 Kf7 26. Rh5 Qg6 27. Be1
b5 28. Bh4 Rd7 29. Rh8 Rb7 30. Qd1 Nc6 31. d5 Ne7 32. Bxe7 Kxe7 33. dxe6 Kxe6
34. Qd8 Rd7 35. Re8+ Kd6 36. Qb8+ Rc7 37. Qxb5 Qf6 38. Re5 Rc6 39. Rxf5 Qh4 40.
Qd5+ Kc7 41. Qe5+ Rd6 42. Qc5+ Kd7 43. Qxa7+ Ke8 44. Qa8+ Kd7 45. Qb7+ Ke8 46.
Qxe4+ Kd8 47. Rf8+ Kc7 48. Qxc4+ Kd7 49. Qf7+ Kc6 50. Rc8+ 1-0

[Event "SF Buer 1 - SV Günnigfeld 1"]
[Site "Verbandsklasse - Gr. 1 2019/2"]
[Date "2021.07.04"]
[Round "6.7"]
[White "Schulz, Eberhard"]
[Black "Olschewski, Niklas"]
[Result "0-1"]
[WhiteElo "1558"]
[BlackElo "1677"]
[PlyCount "90"]
[EventDate "2021.??.??"]
[WhiteTeam "SV Günnigfeld 1"]
[BlackTeam "SF Buer 1"]

1. e4 c5 2. Nf3 e6 3. d4 cxd4 4. Nxd4 a6 5. Bd3 Qc7 6. Be3 Nf6 7. Nd2 d5 8. O-O
Be7 9. f4 dxe4 10. Nxe4 Nbd7 11. Rf3 Nxe4 12. Bxe4 Nc5 13. Bd3 Nxd3 14. Qxd3 b5
15. Rg3 Bf6 16. c3 O-O 17. Nf3 Rd8 18. Qe2 Bb7 19. Qf2 Bxf3 20. Rxf3 Rd5 21.
Rf1 Qc4 22. Rh3 Rad8 23. Qc2 g6 24. Rhf3 Qxa2 25. g4 Qc4 26. Qf2 R8d7 27. h3
Rd1 28. Rxd1 Rxd1+ 29. Kg2 Qd5 30. h4 a5 31. Kg3 b4 32. f5 exf5 33. gxf5 Be5+
34. Bf4 Rd2 35. Qe1 Bxf4+ 36. Kxf4 Qxf5+ 37. Kg3 Rd3 38. Qe8+ Kg7 39. Rxd3
Qxd3+ 40. Kg4 h5+ 41. Kf4 Qf1+ 42. Kg3 Qd3+ 43. Kf4 Qd6+ 44. Kf3 bxc3 45. bxc3
Qf6+ 0-1

[Event "SF Buer 1 - SV Günnigfeld 1"]
[Site "Verbandsklasse - Gr. 1 2019/2"]
[Date "2021.07.04"]
[Round "6.8"]
[White "Muck, Markus"]
[Black "Brandhoff, Gerd"]
[Result "0-1"]
[WhiteElo "1197"]
[BlackElo "1682"]
[PlyCount "132"]
[EventDate "2021.??.??"]
[WhiteTeam "SF Buer 1"]
[BlackTeam "SV Günnigfeld 1"]

1. e4 e5 2. Bc4 Nf6 3. d3 Nc6 4. Bg5 Be7 5. Nf3 d6 6. Bxf6 Bxf6 7. h3 Na5 8.
Nbd2 O-O 9. a3 Nxc4 10. Nxc4 Be6 11. c3 g6 12. Qd2 c5 13. b4 b6 14. a4 Qc7 15.
Nb2 Rad8 16. c4 Bg7 17. b5 Qe7 18. a5 Bc8 19. Ra3 f5 20. axb6 axb6 21. O-O fxe4
22. dxe4 Bxh3 23. Ng5 Bc8 24. Qd5+ Kh8 25. Nf3 Bb7 26. Qd3 Ra8 27. Rfa1 Rxa3
28. Rxa3 Ra8 29. Ra4 Bf8 30. Qa3 Rxa4 31. Nxa4 Qd8 32. Nc3 Qa8 33. Qxa8 Bxa8
34. Ng5 Kg7 35. Ne6+ Kf7 36. Ng5+ Ke7 37. Nxh7 Bh6 38. g4 g5 39. f3 Kf7 40. Na4
Kg6 41. Nxb6 Bb7 42. Kf2 Kxh7 43. Ke3 Kg7 44. Nd5 Kf7 45. Kd3 Ke6 46. Kc3 Bf8
47. Kb3 Be7 48. Nc7+ Kd7 49. Na6 Bxa6 50. bxa6 Kc6 51. a7 Kb7 52. Ka4 Kxa7 53.
Kb5 Kb7 54. Ka5 Bd8+ 55. Kb5 Bc7 56. Ka4 Kb6 57. Kb3 Ka6 58. Ka4 Ba5 59. Kb3
Be1 60. Ka4 Bb4 61. Kb3 Ka5 62. Kc2 Ka4 63. Kd3 Kb3 64. f4 exf4 65. e5 dxe5 66.
Ke4 Bc3 0-1

[Event "SG Höntrop 1 - SV Bönen 1"]
[Site "Verbandsklasse - Gr. 3 2019/2"]
[Date "2021.07.04"]
[Round "6.1"]
[White "Schlottmann, Fabian"]
[Black "Oberbarnscheidt, Ludger"]
[Result "1-0"]
[WhiteElo "2299"]
[BlackElo "1990"]
[PlyCount "63"]
[EventDate "2021.??.??"]
[WhiteTeam "SV Bönen 1"]
[BlackTeam "SG Höntrop 1"]

1. d4 Nf6 2. Nf3 b6 3. c4 Bb7 4. Nc3 e6 5. Bg5 Bb4 6. Qc2 h6 7. Bh4 c5 8. O-O-O
O-O 9. d5 Bxc3 10. Qxc3 g5 11. Bg3 exd5 12. cxd5 Nxd5 13. Qe5 Re8 14. Qf5 Nf4
15. Bxf4 gxf4 16. Qxf4 Re6 17. e3 d5 18. Bc4 Na6 19. Ne5 Qf6 20. Qxf6 Rxf6 21.
Bxd5 Bxd5 22. Rxd5 Rxf2 23. Ng4 Rxg2 24. Nxh6+ Kh7 25. Nxf7 Rf8 26. Rd7 Kg6 27.
Rf1 Re8 28. Rd6+ Kh7 29. Rf3 Nb4 30. h4 Nc2 31. Ng5+ Kg8 32. Rg6+ 1-0

[Event "SG Höntrop 1 - SV Bönen 1"]
[Site "Verbandsklasse - Gr. 3 2019/2"]
[Date "2021.07.04"]
[Round "6.2"]
[White "Rostek, Jörg"]
[Black "Mönkemeyer, Maik"]
[Result "1/2-1/2"]
[WhiteElo "1892"]
[BlackElo "1845"]
[PlyCount "56"]
[EventDate "2021.??.??"]
[WhiteTeam "SG Höntrop 1"]
[BlackTeam "SV Bönen 1"]

1. Nf3 d5 2. d4 Nf6 3. c4 e6 4. g3 c6 5. Bg2 Be7 6. O-O Nbd7 7. Qc2 O-O 8. Nbd2
a5 9. b3 b5 10. Bb2 Ba6 11. Rfe1 Nb6 12. Ne5 Rc8 13. c5 Nbd7 14. Nd3 Qc7 15. a3
h5 16. b4 h4 17. e3 g6 18. Rad1 Kg7 19. Nf4 Rh8 20. e4 g5 21. Nd3 dxe4 22. Nxe4
Nd5 23. Nc3 Rce8 24. Qd2 Bf6 25. Ne4 Qd8 26. Ne5 Nxe5 27. dxe5 Be7 28. Nd6 Reg8
1/2-1/2

[Event "SG Höntrop 1 - SV Bönen 1"]
[Site "Verbandsklasse - Gr. 3 2019/2"]
[Date "2021.07.04"]
[Round "6.3"]
[White "Wegner, Stephan"]
[Black "Peters, Michael"]
[Result "1/2-1/2"]
[WhiteElo "1739"]
[BlackElo "1953"]
[PlyCount "62"]
[EventDate "2021.??.??"]
[WhiteTeam "SV Bönen 1"]
[BlackTeam "SG Höntrop 1"]

1. e4 c6 2. d4 d5 3. exd5 cxd5 4. c4 e6 5. Nf3 Nc6 6. Nc3 Nf6 7. Bg5 Be7 8. Be2
O-O 9. O-O dxc4 10. Bxc4 Nb4 11. Qb3 a6 12. Bxf6 gxf6 13. a3 Nc6 14. Rfd1 Na5
15. Qa2 Nxc4 16. Qxc4 b5 17. Qd3 Bb7 18. d5 exd5 19. Nxd5 Qxd5 20. Qxd5 Bxd5
21. Rxd5 Rfd8 22. Rad1 Rxd5 23. Rxd5 Rc8 24. Kf1 b4 25. a4 Rc2 26. b3 f5 27.
Nd4 Rc3 28. Nxf5 Kf8 29. Nxe7 Kxe7 30. Ra5 Rxb3 31. Rxa6 Rb2 1/2-1/2

[Event "SG Höntrop 1 - SV Bönen 1"]
[Site "Verbandsklasse - Gr. 3 2019/2"]
[Date "2021.07.04"]
[Round "6.4"]
[White "Barth, Hans-Joachim"]
[Black "Medger, Gernot"]
[Result "1/2-1/2"]
[WhiteElo "1706"]
[BlackElo "1811"]
[PlyCount "74"]
[EventDate "2021.??.??"]
[WhiteTeam "SG Höntrop 1"]
[BlackTeam "SV Bönen 1"]

1. e4 d6 2. d4 Nf6 3. Nc3 e5 4. dxe5 dxe5 5. Qxd8+ Kxd8 6. Bc4 Be6 7. Bxe6 fxe6
8. Bg5 Bb4 9. O-O-O+ Nbd7 10. Nge2 Ke7 11. f3 a6 12. a3 Bc5 13. Kb1 b5 14. Nc1
b4 15. Na4 Bd6 16. axb4 Bxb4 17. Rd3 Rhd8 18. Be3 h6 19. Rb3 Rdb8 20. Nd3 a5
21. g4 Bd6 22. Ka2 Rxb3 23. Kxb3 Rb8+ 24. Ka2 Nb6 25. Nxb6 cxb6 26. h4 Nd7 27.
Rf1 Rc8 28. c3 b5 29. Rc1 a4 30. b3 axb3+ 31. Kxb3 Ra8 32. Nb4 Rc8 33. Rc2 Rf8
34. Rf2 Bc5 35. Nc2 Bxe3 36. Nxe3 Nc5+ 37. Kc2 Nxe4 1/2-1/2

[Event "SG Höntrop 1 - SV Bönen 1"]
[Site "Verbandsklasse - Gr. 3 2019/2"]
[Date "2021.07.04"]
[Round "6.5"]
[White "Nielinger, Marco"]
[Black "Koch, Burkhard"]
[Result "1-0"]
[WhiteElo "1695"]
[BlackElo "1705"]
[Annotator "gerno"]
[PlyCount "45"]
[EventDate "2021.??.??"]
[WhiteTeam "SV Bönen 1"]
[BlackTeam "SG Höntrop 1"]

1. e4 e6 2. Nf3 d5 3. exd5 exd5 4. Be2 Nf6 5. O-O Bd6 6. b3 O-O 7. Bb2 Re8 8.
Re1 Bg4 9. d3 c5 10. Nbd2 Nc6 11. d4 Ne4 12. Nf1 Bxf3 13. Bxf3 Nxd4 14. Bxd4
cxd4 15. Ng3 Qh4 16. Qd3 Nf6 $11 17. Rxe8+ Rxe8 18. Rd1 Rc8 19. Re1 Ng4 20. Qf5
Qxh2+ 21. Kf1 Rf8 22. Qxg4 Bxg3 23. fxg3 1-0

[Event "SG Höntrop 1 - SV Bönen 1"]
[Site "Verbandsklasse - Gr. 3 2019/2"]
[Date "2021.07.04"]
[Round "6.6"]
[White "Jedner, Volker"]
[Black "Budde, Uwe"]
[Result "1-0"]
[WhiteElo "1770"]
[BlackElo "1786"]
[PlyCount "45"]
[EventDate "2021.??.??"]
[WhiteTeam "SG Höntrop 1"]
[BlackTeam "SV Bönen 1"]

1. d4 Nf6 2. Bg5 Ne4 3. Bf4 d5 4. e3 c6 5. c3 Qb6 6. Qb3 Qxb3 7. axb3 Nd7 8.
Bd3 Nef6 9. Nf3 g6 10. O-O Bg7 11. c4 O-O 12. h3 Re8 13. Nc3 dxc4 14. bxc4 Nh5
15. Bh2 e5 16. dxe5 Nxe5 17. Nxe5 Bxe5 18. Bxe5 Rxe5 19. Rfd1 Re8 20. Ne4 Kg7
21. Nd6 Rd8 22. c5 b5 23. Be4 1-0

[Event "SG Höntrop 1 - SV Bönen 1"]
[Site "Verbandsklasse - Gr. 3 2019/2"]
[Date "2021.07.04"]
[Round "6.7"]
[White "Reinert, Holger"]
[Black "Hoffmann, Gary"]
[Result "1/2-1/2"]
[WhiteElo "1587"]
[BlackElo "1526"]
[PlyCount "56"]
[EventDate "2021.??.??"]
[WhiteTeam "SV Bönen 1"]
[BlackTeam "SG Höntrop 1"]

1. e4 e5 2. Nf3 Nc6 3. Bb5 d6 4. O-O Nf6 5. Re1 Bd7 6. c3 a6 7. Ba4 Be7 8. h3
b5 9. Bc2 O-O 10. d4 Qc8 11. Kh2 Ne8 12. Be3 Kh8 13. a4 exd4 14. Nxd4 Nxd4 15.
cxd4 Nf6 16. Nd2 bxa4 17. Bg5 Ng4+ 18. hxg4 Bxg5 19. f3 Qb7 20. Nc4 d5 21. Ne5
Bf4+ 22. g3 Bxe5 23. dxe5 Be6 24. exd5 Bxd5 25. Qd3 g6 26. f4 Bb3 27. Qc3 Kg8
28. Be4 Bd5 1/2-1/2

[Event "SG Höntrop 1 - SV Bönen 1"]
[Site "Verbandsklasse - Gr. 3 2019/2"]
[Date "2021.07.04"]
[Round "6.8"]
[White "Schneider, Helmut"]
[Black "Poppenberg, Lars"]
[Result "0-1"]
[WhiteElo "976"]
[BlackElo "1474"]
[PlyCount "132"]
[EventDate "2021.??.??"]
[WhiteTeam "SG Höntrop 1"]
[BlackTeam "SV Bönen 1"]

1. e4 e5 2. Nf3 Nc6 3. d4 exd4 4. Nxd4 g6 5. Be3 Bg7 6. c3 Nf6 7. Bb5 Nxe4 8.
Nxc6 dxc6 9. Qxd8+ Kxd8 10. Bd3 Nd6 11. O-O Bf5 12. Be2 Kd7 13. Nd2 Rad8 14. h3
h5 15. Rac1 Kc8 16. Rfd1 Be6 17. b3 f6 18. Nf3 g5 19. Nh2 Rhg8 20. f3 Nf5 21.
Bf2 Bf8 22. b4 Bd6 23. Re1 Bd7 24. Bc4 Rgf8 25. Be6 b6 26. Bxd7+ Kxd7 27. Nf1
h4 28. Rcd1 Kc8 29. Ne3 Nxe3 30. Rxe3 c5 31. a3 cxb4 32. cxb4 Rfe8 33. Rxe8
Rxe8 34. Rd5 Re5 35. Rd3 Kb7 36. Bd4 Rd5 37. Kf2 c5 38. bxc5 bxc5 39. Rb3+ Kc7
40. Bxf6 Rd2+ 41. Ke1 Rxg2 42. Re3 Bf4 43. Be5+ Bxe5 44. Rxe5 Kd6 45. Rf5 Kc6
46. f4 g4 47. hxg4 Rxg4 48. Rf6+ Kb5 49. Kf2 a5 50. Rf5 Rg3 51. Rg5 Rxa3 52.
Rd5 Rg3 53. Rh5 Rg8 54. Rxh4 Kb4 55. f5+ Kb3 56. Rh3+ Kb2 57. Ke3 a4 58. Kd3
Rg5 59. Rh2+ Kb3 60. f6 Rf5 61. Rh6 a3 62. Ke4 Rf2 63. Rh3+ Kb2 64. Rf3 Rxf3
65. Kxf3 a2 66. f7 a1=Q 0-1